Rationes decimarum hispaniae (Record no. 125694)

MARC details
000 -LEADER
campo de control de longitud fija 00958nam a2200229 i 4500
001 - NÚMERO DE CONTROL
campo de control 125694
003 - IDENTIFICADOR DE NÚMERO DE CONTROL
campo de control ES-MaACL
005 - FECHA Y HORA DE LA ÚLTIMA TRANSACCIÓN
campo de control 20230906192701.0
007 - CAMPO FIJO DE DESCRIPCIÓN FÍSICA--INFORMACIÓN GENERAL
campo de control de longitud fija t|
008 - DATOS DE LONGITUD FIJA--INFORMACIÓN GENERAL
campo de control de longitud fija 070214q1947 sp r ||||1| spa d
245 00 - MENCIÓN DEL TÍTULO
Título Rationes decimarum hispaniae
Resto del título : (1279-80) /
Mención de responsabilidad, etc. transcripción, edición e índices de José Rius Serra.
260 ## - PUBLICACIÓN, DISTRIBUCIÓN, ETC.
Lugar de publicación, distribución, etc. Barcelona :
Nombre del editor, distribuidor, etc. [s.n.],
Fecha de publicación, distribución, etc. [1947?] (
Fabricante Imp. Ausetana)
300 ## - DESCRIPCIÓN FÍSICA
Extensión 1 v. ;
Dimensiones 25 cm.
490 1# - MENCIÓN DE SERIE
Mención de serie Textos y estudios de la Corona de Aragón ;
Designación de volumen o secuencia 8
500 ## - NOTA GENERAL
Nota general Precede al tít.: Consejo Superior de Investigaciones Científicas. Sección de Estudios Medievales de Barcelona.
505 8# - NOTA DE CONTENIDO CON FORMATO
Nota de contenido con formato Contiene: Tomo II. Aragón y Navarra
700 1# - ENTRADA AGREGADA--NOMBRE PERSONAL
Nombre de persona Rius Serra, José.
9 (RLIN) 97520
710 2# - ENTRADA AGREGADA--NOMBRE DE ENTIDAD CORPORATIVA
Nombre de entidad corporativa o nombre de jurisdicción como elemento de entrada Consejo Superior de Investigaciones Científicas.
Unidad subordinada Sección de Estudios Medievales de Barcelona.
9 (RLIN) 3251
830 0# - PUNTO DE ACCESO ADICIONAL DE SERIE-TÍTULO UNIFORME
Título uniforme Textos y estudios de la Corona de Aragón ;
Designación de volumen o secuencia 8
9 (RLIN) 219064
852 ## - LOCALIZACIÓN
Ubicación ES-MaACL
Número de control de estantería P-766-bis
Holdings
Estatus retirado Estado de pérdida Estado de daño No para préstamo Biblioteca de origen Biblioteca actual Ubicación en estantería Fecha de adquisición Fuente de adquisición Total de préstamos Signatura topográfica completa Código de barras Visto por última vez Precio de reemplazo Tipo de ítem Koha
        Biblioteca del Ateneo de Madrid Biblioteca del Ateneo de Madrid Depósito 2 17/01/2008     P-766-bis 1130936 23/02/2023 23/02/2023 Libro impreso